书目信息 |
| 题名: |
中国股票市场
|
|
| 作者: | 吕中楼 编著 | |
| 分册: | ||
| 出版信息: | 北京 宇航出版社 1992.9 |
|
| 页数: | 262页 | |
| 开本: | 19cm | |
| 丛书名: | 股票三日通系列全书 | |
| 单 册: | ||
| 中图分类: | F832.5 | |
| 科图分类: | 29.7955 | |
| 主题词: | 资本市场--中国 | |
| 电子资源: | ||
| ISBN: | 7-80034-519-X | |
| 000 | 00865nam0 2200277 45 | |
| 001 | 0193015539 | |
| 005 | 20070707170153.15 | |
| 010 | @a7-80034-519-X@dCNY4.50 | |
| 092 | @a社科306-151 | |
| 100 | @a19800101d1992 em y0chiy0121 ea | |
| 101 | 0 | @achi |
| 102 | @aCN@b110000 | |
| 105 | @ay z 000yy | |
| 200 | 10 | @a中国股票市场@AZHONG GUO GU PIAO SHI CHANG@f吕中楼等编著@FLV ZHONG LOU DENG BIAN ZHU |
| 210 | @a北京@c宇航出版社@d1992.9 | |
| 215 | @a262页@d19cm | |
| 225 | 2 | @a股票三日通系列全书 |
| 330 | @a本书介绍了新旧中国股票市场及当今股票市场的现状与发展前景和国家对股市管理的办法等。 | |
| 410 | 0 | @120010@a股票三日通系列全书 |
| 540 | 1 | @a股票 市场@AGU PIAO SHI CHANG |
| 606 | @a资本市场@y中国 | |
| 690 | @aF832.5@v三版 | |
| 692 | @a29.7955 | |
| 701 | 0 | @a吕中楼@ALV ZHONG LOU@4编著 |
| 801 | 0 | @aCN@bTSSF@c20070707 |
| 905 | @a10447@dF832.5@e43 | |
| 中国股票市场/吕中楼等编著.-北京:宇航出版社,1992.9 |
| 262页;19cm.-(股票三日通系列全书) |
| ISBN 7-80034-519-X:CNY4.50 |
| 本书介绍了新旧中国股票市场及当今股票市场的现状与发展前景和国家对股市管理的办法等。 |
| ● |
| 相关链接 |
|
|
|
|
正题名:中国股票市场
索取号:F832.5/43
 
预约/预借
| 序号 | 登录号 | 条形码 | 馆藏地/架位号 | 状态 | 备注 |
| 1 | 0766594 | 207665944 | 第一样本阅览室/ [索取号:F832.5/43] | 在馆 |